=LDR 00000nam 2200000 4500 =001 INLIS000000000028492 =005 20140620101923.0 =006 =007 =008 ind =035 ##$$a 0010-061300000028492 =041 ##$$a ind =082 ##$$a 621.31 =090 ##$$a 621.31, HAR i =100 ##$$a Harten, P. van =245 ##$$a Instalasi listrik arus kuat 1 dan 2. . van Harten, E. Setiawan =260 ##$$a 1991 $b Bandung =300 ##$$a viii, 305 hlm., ilus., 24 cm =650 ##$$a Listrik =650 ##$$a Instalasi =700 ##$$a Setiawan, E =850 ##$$a NBPNMAT =990 ##$$a 00085602 =990 ##$$a 86.564/Pro.95 =990 ##$$a 11.373/Pro.84 =990 ##$$a 21400613/BPAP-NTB/20142014